Normal view
MARC view
Entry Topical Term
001 - CONTROL NUMBER
- control field: 13031
003 - CONTROL NUMBER IDENTIFIER
- control field: dpl
005 - DATE AND TIME OF LATEST TRANSACTION
- control field: 20100814102749.0
008 - FIXED-LENGTH DATA ELEMENTS
- fixed length control field: 100814|||a|||||| | ||| d
040 ## - CATALOGING SOURCE
- Original cataloging agency: dpl
- Transcribing agency: dpl
150 ## - HEADING--TOPICAL TERM
- Topical term or geographic name as entry element: Rare Animals
670 ## - SOURCE DATA FOUND
- Source citation: Work cat.: (dpl): Tikader, B.K. 13029, Threatened animals of India /, 1983
670 ## - SOURCE DATA FOUND
- Source citation: Work cat.: (dpl): Tikader, B.K. 13029, Threatened animals of India /, 1983
